The christian idea of education : papers and discussions.

保存先:
書誌詳細
第一著者: Pollard, William [et al.], (autor)
その他の著者: Fuller, Edmund, ed (autor) ed, (autor)
フォーマット: 図書
言語:英語
主題:
タグ: タグ追加
タグなし, このレコードへの初めてのタグを付けませんか!

MARC

LEADER 00000cam^a2200000uu^4500
001 000475223
005 20250521000000.0
008 050901s1960^^^^^^^^^^^^r^^r^^000^0^eng^d
009 20260310124756.363
035 |a FCE 000018087 
035 |a FCE 020265 
037 |a Acervo ITESO - Biblioteca 
041 |a eng 
082 0 4 |a 377.1  |b POLc 
100 |a Pollard, William,  |e [et al.]  |e (autor) 
245 1 4 |a The christian idea of education :  |b papers and discussions. 
264 |a New Haven, Conn. :  |b Yale University Press,  |c 1960. 
300 |a 265 p. 
336 |a texto  |b txt  |2 rdacontenido 
337 |a sin mediación  |b n  |2 rdamedio 
338 |a volumen  |b nc  |2 rdasoporte 
596 |a A seminar at kent school 
649 |a XX 
650 |a Cultura 
650 |a Educación 
650 |a Educación religiosa 
650 |a Educación católica 
650 |a Problemas educativos 
650 |a Comunidad 
700 |a Fuller, Edmund,  |e ed  |e (autor) 
910 |a Fondo Centro de Estudios Educativos 
920 |a Impresos - Libros 
930 |a Fondos Especiales 
905 |a 133 
901 |a ALE020265  |b IT2  |c CEE  |u 20250521 
902 |a https://opac.biblio.iteso.mx/vufind/Record/000475223